000 01754nam0a2200325 4500
001 RU\NLR\bibl\48202
005 20260407044445.0
010 _a5-93333-006-Х
_91000
021 _aRU
_b99-25561
_91246
035 _a(NLR Aleph) 000047039
090 _a249863
_c249863
100 _a19990920d1999 |||y0rusy50 ca
101 0 _arus
_erus
_eeng
102 _aRU
105 _ac z |||||
200 1 _a100-летие инициативы России : От Первой конференции мира 1899 г. к Третьей конференции мира 1999 г.
_eСб. материалов
_f[Сост. и науч. ред. к.ю.н., доц. В.С. Иваненко]
_gС.-Петерб. регион. отд-ние Рос. Ассоц. содействия ООН, Юрид. фак. С.-Петерб. гос. ун-та
210 _aСПб
_cСПбГУ
_d1999
215 _a167 с.
_cпортр.
_d27
300 _aНа авантит.: Памяти выдающегося рос. дипломата и ученого, юриста-международника Ф.Ф. Мартенса посвящается
320 _aБиблиогр. в подстроч. примеч.
601 0 2 _aГаага. Конференция мира, 1-я
_jДокументы и материалы
_z1899
_91339256
_3RU\NLR\auth\66243110
686 _aТ3(0)53-613"1899"
702 1 _aИваненко
_bВ. С.
_4220
712 0 2 _4570
_aРоссийская ассоциация содействия ООН
_bПетербургское региональное отделение
_9531994
_3RU\NLR\AUTH\8810017072
801 0 _aRU
_bNLR
_c19990920
_gPSBO
801 1 _aRU
_bNLR
_c19990920
852 _aNLR
_j99-7/1593
942 _cBOOK
980 _aNB